Plan Nacional de la educación superior (PLANES). Capítulo II: La educación post-secundaria en Costa Rica

Gespeichert in:
Bibliographische Detailangaben
Körperschaft: Oficina de Planificación de la Educación Superior (Costa Rica)
Format: Text
Veröffentlicht: San josé :
Tags: Tag hinzufügen
Keine Tags, Fügen Sie den ersten Tag hinzu!

MARC

LEADER 00000 a a2200000 04500
001 15909
003
040
090 |a 016200  
110 |a Oficina de Planificación de la Educación Superior (Costa Rica)  
245 |a Plan Nacional de la educación superior (PLANES). Capítulo II: La educación post-secundaria en Costa Rica  
260 |a San josé :  
300 |a 3, 35 p.  
999 |c 15885  |d 15885